Cyclisme : Cyclistes Equipe Tudor Pro Cycling saison 2024 - Statistiques

Statistiques générales
  • Ce quiz a été pris 25 fois
  • Le résultat moyen est 12 sur 28
Statistiques - réponses
Pays d'origine Coureur % Correct
IT Alberto DAINESE
83%
IT Matteo TRENTIN
78%
NL Arvid DE KLEIJN
74%
AU Michael STORER
70%
CH Yannis VOISARD
61%
FR Aloïs CHARRIN
57%
LU Arthur KLUCKERS
52%
DE Marco BRENNER
52%
CH Robin FROIDEVAUX
52%
DE Florian STORK
48%
DE Marius MAYRHOFER
48%
SE Jacob ERIKSSON
43%
SE Lucas ERIKSSON
43%
LU Luc WIRTGEN
43%
NL Maikel ZIJLAARD
43%
CH Sébastien REICHENBACH
43%
DK Alexander KAMP
35%
DK Sebastian KOLZE CHANGIZI
35%
CH Nils BRUN
30%
CZ Petr KELEMEN
30%
DE Alexander KRIEGER
26%
DE Hannes WILKSCH
22%
CH Roland THALMANN
22%
CH Simon PELLAUD
22%
CH Tom BOHLI
22%
DE Mika HEMING
17%
CH Joel SUTER
9%
NL Rick PLUIMERS
9%
Aucun quiz correspondant
Distribution des résultats
% des personnes avec chaque résultat
Percentile par nombre de réponses
Votre historique - résultats
Vous n’avez pas pris ce quiz